| 000 | 00555nam a2200229Ia 4500 | ||
|---|---|---|---|
| 005 | 20260320201847.0 | ||
| 008 | 008 262003s9999 xx 000 0 eng d | ||
| 037 | _aEBOOK | ||
| 040 | _aCRL | ||
| 040 | _beng | ||
| 040 | _cCRL | ||
| 041 | _2eng | ||
| 041 | _aeng | ||
| 084 | _qCRL | ||
| 100 |
_aInc _91135999 |
||
| 245 | 0 | _aGit: Project Management for Developers and DevOps Teams | |
| 260 | _bIEEE | ||
| 856 | _uhttps://ieeexplore.ieee.org/servlet/opac?bknumber=11297039 | ||
| 942 | _cEBOOK | ||
| 999 |
_c1723949 _d1723949 |
||